| 000 | 00985cam a2200301 4500 | ||
|---|---|---|---|
| 001 | WS110347 | ||
| 008 | 000000n 000 0 eng u | ||
| 035 | _a(Sirsi) u110347 | ||
| 110 |
_aIrish Auctioneers and Valuers Institute _92791 |
||
| 245 | _aIrish Auctioneers and Valuers Instiute | ||
| 520 | _aSite for this organisation which 'represents the property profession in Ireland'. Includes links to its journal 'Property Valuer' back to Autumn 1999, its annual property survey and list of members. | ||
| 650 | _aEIRE | ||
| 650 | _aINTERNATIONAL | ||
| 650 | _aEUROPE | ||
| 650 | _aAUCTIONEERS | ||
| 650 | _aHOUSING | ||
| 650 | _aHOUSE PRICES | ||
| 650 | _aRENTS | ||
| 650 | _aRETAIL | ||
| 650 | _aINDUSTRIAL | ||
| 650 | _aOFFICES | ||
| 650 | _aLEISURE | ||
| 650 | _aSTATISTICS | ||
| 650 | _aORGANISATION | ||
| 690 | _aPROPERTY-PROPERTY APPRAISAL AND VALUATION | ||
| 856 | 4 | 0 |
_uhttps://www.iavi.ie _zView the website free of charge at www.iavi.ie... |
| 942 | _n0 | ||
| 999 |
_c119739 _d119739 |
||